Problems of sociology in education
Αποθηκεύτηκε σε:
| Κύριος συγγραφέας: | |
|---|---|
| Μορφή: | Βιβλίο |
| Γλώσσα: | English |
| Δημοσίευση: |
London :
Jessica Kingsley,
1990
|
| Θέματα: | |
| Ετικέτες: |
Προσθήκη ετικέτας
Δεν υπάρχουν, Καταχωρήστε ετικέτα πρώτοι!
|
MARC
| LEADER | 00000nam a2200000 i 4500 | ||
|---|---|---|---|
| 001 | 1/95572 | ||
| 008 | 991208s1990 eng d | ||
| 020 | |a 1-85302-031-1 | ||
| 035 | |l 10055373 | ||
| 040 | |a GR-MY-UA |b gre |e aacr | ||
| 041 | 0 | |a eng | |
| 082 | 0 | |a 370.19 | |
| 100 | 1 | |a Girod, Roger. | |
| 245 | 1 | 0 | |a Problems of sociology in education / |c Roger Girod |
| 260 | |a London : |b Jessica Kingsley, |c 1990 | ||
| 300 | |a 159 p. | ||
| 500 | |a Prepared for the International Bureau od Education | ||
| 650 | 0 | 0 | |a Educational sociology. |
| 650 | 0 | 0 | |a Educational equalization. |
| 852 | |a INST |b RHODES |e 19991208 |h 370.19 GIR |p 005400011996 |q 005400011996 |t BK |y 0 | ||
| 901 | |a BIBL4-1999-3 | ||
| 909 | |a Ρ |b 068230 | ||
| 922 | |a 4ΕΛΗ |b 199908 |c ΚΠΣ/154 |d GLORY BOOKS | ||
| 970 | |a ΚΟΥΛΑΚΙΟΤΗ |b ΛΙΤΣΑ |z 1999/12/08 | ||